00718 2200253 4500001002100000005001500021035002500036008004100061245004800102100003400150260004800184300005100232020001800283082000800301084001000309520002000319650002100339856000900360990001900369990001900388990001900407990001900426990001900445INLIS00000000000492120200314093709 a0010-121900000004921200314 | ind 1 aAgama Jawa /cProf . Dr. Suwardi endraswara0 aProf . Dr. Suwardi endraswara aNarasi : Jakarta :bNarasi : Jakarta,c2015 ai.394hlm : 14 x 21 cm ;ci.394hlm : 14 x 21 cm a979-168-532-0 a200 a297,5 aAPBD 2019 5 EKS 4aAgama Jawa 297.5 aUMUM aB2019113012308 aB2019113012309 aB2019113012310 aB2019113012311 aB2019113012312